书目信息 |
| 题名: |
8000词汇思马得记忆法
|
|
| 作者: | ;思马得学校 主编 | |
| 分册: | ||
| 出版信息: | 上海 上海科学技术文献出版社 2001.12 |
|
| 页数: | 328页 | |
| 开本: | 21cm | |
| 丛书名: | 思马得学校英语系列丛书 | |
| 单 册: | ||
| 中图分类: | H313.1 | |
| 科图分类: | ||
| 主题词: | 英语--ying yu--词汇--记忆术--高等教育--自学参考资料 | |
| 电子资源: | ||
| ISBN: | 7-5439-1881-1 | |
| 000 | 00925nam 2200241 450 | |
| 001 | 012007604951 | |
| 005 | 20070920152913.12 | |
| 010 | @a7-5439-1881-1@dCNY18.00 | |
| 100 | @a20070827d2001 km y0chiy0120 ea | |
| 101 | 0 | @achi@aeng |
| 102 | @aCN@b310000 | |
| 105 | @ay z 000yy | |
| 200 | 1 | @a8000词汇思马得记忆法@A8000 ci hui si ma de ji yi fa@f思马得学校主编@Fsi ma de xue xiao zhu bian |
| 210 | @a上海@c上海科学技术文献出版社@d2001.12 | |
| 215 | @a328页@d21cm | |
| 225 | 2 | @a思马得学校英语系列丛书@Asi ma de xue xiao ying yu xi lie cong shu |
| 330 | @a本书精选了3800多个基础单词,提供了将同根,同义,反义,相关单词放置一起的快速记忆方法,将容易混淆的单词放置一起的准确记忆方法。 | |
| 410 | 0 | @12001 @a思马得学校英语系列丛书 |
| 606 | 0 | @a英语@Aying yu@x词汇@x记忆术@x高等教育@j自学参考资料 |
| 690 | @aH313.1@v4 | |
| 711 | 02 | @a思马得学校@Asi ma de xue xiao@4主编 |
| 801 | 0 | @aCN@c20070920 |
| 905 | @dH313.1@eS707 | |
| 8000词汇思马得记忆法/思马得学校主编.-上海:上海科学技术文献出版社,2001.12 |
| 328页;21cm.-(思马得学校英语系列丛书) |
| ISBN 7-5439-1881-1:CNY18.00 |
| 本书精选了3800多个基础单词,提供了将同根,同义,反义,相关单词放置一起的快速记忆方法,将容易混淆的单词放置一起的准确记忆方法。 |
| ● |
| 相关链接 |
|
|
|
正题名:8000词汇思马得记忆法
索取号:H313.1/S707
 
预约/预借
| 序号 | 登录号 | 条形码 | 馆藏地/架位号 | 状态 | 备注 |
| 1 | 262021 | 202620217 | 语言库209/209语言库 3排1列5层/ [索取号:H313.1/S707] | 在馆 | |
| 2 | 262022 | 202620226 | 语言库209/209语言库 3排1列5层/ [索取号:H313.1/S707] | 在馆 | |
| 3 | 262023 | 202620235 | 语言库209/209语言库 3排1列5层/ [索取号:H313.1/S707] | 在馆 |